000 01296cam a2200289 a 4500
999 _c435266
_d435166
001 16924964
003 KE-NaHC
005 20240228204003.0
008 110818s2012 enkab b 001 0 eng
010 _a 2011032984
020 _a9781405157612 (hardcover : alk. paper)
020 _a9781405157650 (paperback : alk. paper)
035 _a(OCoLC)ocn742516472
040 _aDLC
_beng
_cDLC
_dYDX
_dBTCTA
_dYDXCP
_dCDX
_dBDX
_dDLC
050 0 0 _aBP188.5
_b.G74 2012
082 0 0 _a297.409
_223
100 1 _aGreen, Nile,
_eauthor.
_9131816
245 1 0 _aSufism :
_ba global history /
_cNile Green.
260 _aChichester, West Sussex ;
_aMalden, MA :
_bWiley-Blackwell,
_cc2012.
300 _axxi, 263 pages :
_billustrations, maps ;
_c23 cm.
504 _aIncludes bibliographical references (pages 243-244) and index.
505 0 _aOrigins, foundations and rivalries (850-1100) -- An Islam of saints and brothers (1100-1400) -- Empires, frontiers and renewers (1400-1800) -- From colonization to globalization (1800-2000) -- Glossary: A Sufi lexicon of Arabic terms.
650 0 _aSufism
_xHistory.
_942879
906 _a7
_bcbc
_corignew
_d1
_eecip
_f20
_gy-gencatlg
942 _2lcc
_cBK